Native timber harvests in southeast Alaska /

Bibliographic Details
Main Author: Knapp, Gunnar (Author)
Format: Government Document eBook
Language:English
Published: Portland Oregon : United States Department of Agriculture, Forest Service, Pacific Northwest Research Station, 1992.
Series:Alaska timber market studies.
General technical report PNW ; GTR-284.
Subjects:
Online Access:https://purl.fdlp.gov/GPO/gpo45265

MARC

Tag First Indicator Second Indicator Subfields
LEADER 00000cam a2200000 i 4500
001 in00003478821
005 20211120171718.0
006 m o d f
007 cr bn|
008 101117s1992 oruab ob f000 0 eng c
035 |a (OCoLC)ocn681859446 
040 |a OCLCE  |b eng  |e rda  |e pn  |c OCLCE  |d OCLCQ  |d GPO  |d MvI  |d UtOrBLW 
042 |a pcc 
043 |a n-us-ak 
049 |a WWW 
074 |a 0083-B-06 (online) 
086 0 |a A 13.88:PNW-GTR-284 
100 1 |a Knapp, Gunnar,  |e author. 
245 1 0 |a Native timber harvests in southeast Alaska /  |c Gunnar Knapp. 
264 1 |a Portland Oregon :  |b United States Department of Agriculture, Forest Service, Pacific Northwest Research Station,  |c 1992. 
300 |a 1 online resource (48 pages) :  |b illustrations, map. 
336 |a text  |b txt  |2 rdacontent 
337 |a computer  |b c  |2 rdamedia 
338 |a online resource  |b cr  |2 rdacarrier 
490 1 |a Alaska timber market studies 
490 1 |a General technical report PNW ;  |v GTR-284 
500 |a Title from title screen (viewed Feb. 26, 2014). 
500 |a "February 1992." 
504 |a Includes bibliographical references (pages 43-48). 
650 0 |a Logging  |z Alaska. 
650 0 |a Forests and forestry  |z Alaska. 
710 2 |a Pacific Northwest Research Station (Portland, Or.),  |e issuing body. 
776 0 8 |i Print version:  |a Knapp, Gunnar.  |t Native timber harvests in southeast Alaska  |w (OCoLC)25931553 
776 0 8 |u Microfiche version:  |a Knapp, Gunnar.  |t Native timber harvests in southeast Alaska  |w (OCoLC)26966063 
830 0 |a Alaska timber market studies. 
830 0 |a General technical report PNW ;  |v GTR-284. 
856 4 0 |u https://purl.fdlp.gov/GPO/gpo45265  |t 0 
999 |a MARS 
999 f f |s a2108695-e034-331e-931c-e18810047552  |i 624fbf9d-b4d6-3c85-a457-6a1afbbb8a9b  |t 0 
952 f f |a Texas A&M University  |b College Station  |c Electronic Resources  |d Available Online  |t 0  |e A 13.88:PNW-GTR-284  |h Superintendent of Documents classification 
998 f f |a A 13.88:PNW-GTR-284  |t 0  |l Available Online